UBT Library

Economic and technical analysis of fertilizer innovations and resource use, (Record no. 40118)

000 -LEADER
fixed length control field 00656cam a22002291 4500
001 - CONTROL NUMBER
control field 7937400
005 - DATE AND TIME OF LATEST TRANSACTION
control field 20180111071819.0
008 - FIXED-LENGTH DATA ELEMENTS--GENERAL INFORMATION
fixed length control field 750828s1957 iaua 000 0 eng
010 ## - LIBRARY OF CONGRESS CONTROL NUMBER
LC control number 57007851
035 ## - SYSTEM CONTROL NUMBER
System control number (OCoLC)1578527
040 ## - CATALOGING SOURCE
Original cataloging agency DLC
Transcribing agency FMU
Modifying agency OCoLC
-- DLC
041 ## - LANGUAGE CODE
Language code of text/sound track or separate title eng
042 ## - AUTHENTICATION CODE
Authentication code premarc
080 ## - UNIVERSAL DECIMAL CLASSIFICATION NUMBER
Universal Decimal Classification number 631.8 BAU
082 ## - DEWEY DECIMAL CLASSIFICATION NUMBER
Classification number 631.8 BAU
100 1# - Rafti
Rafti 17
101 ## - Shkurtesa
Shkurtesa HIS
245 00 - TITLE STATEMENT
Title Economic and technical analysis of fertilizer innovations and resource use,
Statement of responsibility, etc edited by E. L. Baum [and others]
740 0# - ADDED ENTRY--UNCONTROLLED RELATED/ANALYTICAL TITLE
Uncontrolled related/analytical title Fertilizer innovations and resource use.
906 ## - LOCAL DATA ELEMENT F, LDF (RLIN)
a 7
b cbc
c oclcrpl
d u
e ncip
f 19
g y-gencatlg
942 ## - ADDED ENTRY ELEMENTS (KOHA)
Source of classification or shelving scheme
Item type Books
Holdings
Withdrawn status Lost status Source of classification or shelving scheme Damaged status Not for loan Permanent location Current location Date acquired Total Checkouts Full call number Barcode Date last seen Price effective from Koha item type
          UBT - Lipjan UBT - Lipjan 01/11/2018   631.8 BAU 002-2994721 01/11/2018 01/11/2018 Books
UBT Library © 2015-2024. All rights reserved University Education for Business and Technology